000 00301nam a22001337a 4500
008 170529b xxu||||| |||| 00| 0 eng d
020 _a9780136007067
041 _aeng
080 _27TH
_a94
100 _a16
101 _aSHH
245 _aCIVILIZATION IN THE WEST
_cKISHLANKSYY,M
942 _2udc
_cBK
999 _c14987
_d14987